• 首页
  • 本馆介绍
  • 公告通知
  • 最新文献
  • 馆藏检索
  • 电子资源
  • 读者导购
  • 参考咨询
  • 我的图书馆
  • 登录
  • 详细信息显示
  • 放入我的书架
  • 预约/预借图书
  • 作者相关作品
  • 分类相关作品
  • 丛书相关作品
  • 出版社相关作品

书目信息

  • 表格格式
  • 工作单格式
  • 卡片格式
题名:
周恩来 刘少奇 朱德 邓小平 陈云著作选读
    
 
作者: 周恩来 著
分册:  
出版信息: 北京   人民出版社  1987.8
页数: 628页
开本: 20厘米
丛书名:
单 册:
中图分类: D2-1 , D2-0
科图分类:
主题词: 国家领导人--著作--中国--选集 , 政论--中国--现代--文集
电子资源:
ISBN: 7-01-000069-7
000 00928nam0 2200265 450
001 1540895612
005 20150119112208.56
010    @a7-01-000069-7@dCNY3.40
020    @aCN@b88019132
091    @a3001.2232
100    @a19910417d1987 km y0chiy0110 ea
101 0  @achi
102    @aCN@b110000
105    @ay z 000yy
200 1  @a周恩来 刘少奇 朱德 邓小平 陈云著作选读@9zhou en lai liu shao qi zhu de deng xiao ping chen yun zhu zuo xuan du@f周恩来等著
210    @a北京@c人民出版社@d1987.8
215    @a628页@d20厘米
330    @a本书编选了周恩来、刘少奇、朱德、邓小平、陈云的著作共47篇。对以上领导人有关同一问题的论述,只收入其中最有代表性的,或更有侧重地选收有关部分。
606 0  @a国家领导人@x著作@y中国@x选集
606 0  @a政论@y中国@z现代@x文集
690    @aD2-1@v1980
690    @aD2-0@v4
701  0 @a周恩来@9zhou en lai@f(1898~1976)@4著
801  0 @aCN@bTSSF@c20150119
905    @aZUCC@dD2-0@eJY11
    
    周恩来 刘少奇 朱德 邓小平 陈云著作选读/周恩来等著.-北京:人民出版社,1987.8
    628页;20厘米
    
    
    ISBN 7-01-000069-7:CNY3.40
    本书编选了周恩来、刘少奇、朱德、邓小平、陈云的著作共47篇。对以上领导人有关同一问题的论述,只收入其中最有代表性的,或更有侧重地选收有关部分。
●
相关链接 在E读中查询图书 在五车中查询图书 在当当中查询图书 在豆瓣中查询图书


正题名:周恩来 刘少奇 朱德 邓小平 陈云著作选读     索取号:D2-0/JY11         预约/预借

序号 登录号 条形码 馆藏地/架位号 状态 备注
1 7847581   278475810   学院路分馆/ [索取号:D2-0/JY11] 在馆    
唐山师范学院图书馆 欢迎您!
大连网信软件有限公司© 版权所有